000 00850nam a2200241Ia 4500
003 OSt
005 20220918111024.0
006 a|||||r|||| 00| 0
007 ta
008 220915b |||||||| |||| 00| 0 hin d
024 _a280089
037 _cReference Collections
040 _aARTS
_cARTS
_bhin
041 _2hin
_ahin
082 _ak, 152M9(RR)
100 _aबाहरी, हरदेव, संपा.
245 0 _aकोश विज्ञान सिद्धान्त और प्रयोग
246 _aKosh vijnyān siddhānta aur prayoga
260 _aवाराणसी
_bविश्वविद्यालय प्रकाशन
_c1989
300 _a190पृ0
942 _hk, 152M9(RR)
_cREF
999 _c116512
_d116512